[Event " B7 Gruppe 1 "]
[Site "Koge"]
[Date "2004.??.??"]
[Round "1"]
[White "Sig, Preben"]
[Black "Petersen, Nils"]
[Result "0-1"]
[WhiteElo "1753"]
[BlackElo "1864"]
[PlyCount "50"]
[EventDate "2004.04.08"]
[EventType "swiss"]
[EventRounds "7"]
[EventCountry "DEN"]

1. e4 c5 2. Nf3 Nc6 3. d4 cxd4 4. Nxd4 e5 5. Nb5 d6 6. N1c3 a6 7. Na3 Be6 8.
Be3 Nf6 9. Bc4 Be7 10. f3 O-O 11. O-O Rc8 12. Nd5 b5 13. Nxf6+ Bxf6 14. Bxe6
fxe6 15. c3 d5 16. Qe2 d4 17. Rad1 Qe7 18. cxd4 exd4 19. f4 e5 20. fxe5 Bxe5
21. Rxf8+ Rxf8 22. Qc2 dxe3 23. Qxc6 e2 24. Qd5+ Kh8 25. Rc1 Qa7+ 0-1

[Event " B7 Gruppe 1 "]
[Site "Koge"]
[Date "2004.??.??"]
[Round "1"]
[White "Moller, Arne Vagn"]
[Black "Risager, Jakob Koba"]
[Result "1/2-1/2"]
[WhiteElo "1698"]
[BlackElo "1762"]
[PlyCount "32"]
[EventDate "2004.04.08"]
[EventType "swiss"]
[EventRounds "7"]
[EventCountry "DEN"]

1. e4 e5 2. Nf3 Nc6 3. Nc3 Nf6 4. Bb5 Bc5 5. O-O O-O 6. h3 a6 7. Be2 d6 8. a3
h6 9. Kh2 Nh7 10. d3 f5 11. exf5 Bxf5 12. Be3 Nd4 13. Ne4 Bb6 14. c3 Nxf3+ 15.
Bxf3 Bxe3 16. fxe3 d5 1/2-1/2

[Event " B7 Gruppe 1 "]
[Site "Koge"]
[Date "2004.??.??"]
[Round "1"]
[White "Wiecker, Stefan"]
[Black "Rosenberg, Jan"]
[Result "1-0"]
[WhiteElo "1560"]
[BlackElo "1792"]
[PlyCount "121"]
[EventDate "2004.04.08"]
[EventType "swiss"]
[EventRounds "7"]
[EventCountry "DEN"]

1. e4 d5 2. exd5 Nf6 3. Nc3 Nxd5 4. Bc4 Nb6 5. Bb3 Nc6 6. Nf3 Bf5 7. d4 e6 8.
Bf4 Bb4 9. O-O Bxc3 10. bxc3 O-O 11. Ne5 Na5 12. Bc1 Nxb3 13. cxb3 Nd5 14. Ba3
Nxc3 15. Qe1 Qxd4 16. Bb2 f6 17. Nf3 Qf4 18. Qxc3 e5 19. Rac1 c6 20. Nd2 Be6
21. Rfd1 Bd5 22. Nf1 Qg5 23. Ne3 Rad8 24. Kf1 Qh5 25. Kg1 Rf7 26. Rd2 Rfd7 27.
Rcd1 Qg6 28. f4 exf4 29. Nxd5 Rxd5 30. Qf3 Qf5 31. Bd4 a6 32. Bb6 Re8 33. Rxd5
cxd5 34. Qxd5+ Qxd5 35. Rxd5 Re7 36. Kf2 Kf7 37. Kf3 g5 38. Rd3 h5 39. h3 Kg6
40. a4 Kf7 41. Rd5 Ke6 42. Rc5 Kd6 43. Rc8 Re1 44. b4 f5 45. Bc5+ Kd5 46. Rf8
Re5 47. Rg8 a5 48. Rxg5 axb4 49. Bxb4 Re3+ 50. Kf2 Ke4 51. Rxh5 Rb3 52. Bd2 Rb2
53. Ke2 Ke5 54. Rh8 Ra2 55. a5 Ke4 56. Re8+ Kd5 57. h4 Ra4 58. h5 f3+ 59. Kxf3
Rh4 60. h6 Rh5 61. Re7 1-0

[Event " B7 Gruppe 1 "]
[Site "Koge"]
[Date "2004.??.??"]
[Round "1"]
[White "Larsen, Peder Lehmann"]
[Black "Andersen, Martin Steen"]
[Result "1-0"]
[WhiteElo "1880"]
[BlackElo "1606"]
[PlyCount "91"]
[EventDate "2004.04.08"]
[EventType "swiss"]
[EventRounds "7"]
[EventCountry "DEN"]

1. e4 e6 2. d3 d5 3. Nd2 c5 4. Ngf3 Nc6 5. g3 Bd6 6. Bg2 Nge7 7. O-O O-O 8. Re1
Qc7 9. c3 f6 10. a3 a5 11. a4 b6 12. Nf1 Bb7 13. exd5 exd5 14. d4 cxd4 15. Nxd4
Nxd4 16. Qxd4 Be5 17. Qd1 Rad8 18. Qb3 Kh8 19. f4 Bd6 20. Be3 Bc5 21. Rad1 Rfe8
22. Kh1 Nf5 23. Bxc5 Qxc5 24. Qc2 Nd6 25. Qd3 Rxe1 26. Rxe1 h6 27. Nd2 Re8 28.
Rxe8+ Nxe8 29. Nf3 Nd6 30. Nd4 Ne4 31. Kg1 Bc6 32. Qa6 Nd6 33. Kh1 Ne4 34. Qc8+
Kh7 35. Qxc6 Qe7 36. Qe6 Qb7 37. Nc6 Qa6 38. Bxe4+ dxe4 39. Qxe4+ Kh8 40. Qe8+
Kh7 41. Qe4+ Kh8 42. Kg1 b5 43. Ne7 bxa4 44. Ng6+ Kh7 45. Nf8+ Kg8 46. Qe6+ 1-0

[Event " B7 Gruppe 1 "]
[Site "Koge"]
[Date "2004.??.??"]
[Round "1"]
[White "Bojsen, Bent"]
[Black "Pedersen, Jan 1"]
[Result "0-1"]
[WhiteElo "1644"]
[BlackElo "1701"]
[PlyCount "74"]
[EventDate "2004.04.08"]
[EventType "swiss"]
[EventRounds "7"]
[EventCountry "DEN"]

1. f4 d5 2. Nf3 Nf6 3. e3 e6 4. b3 Bd7 5. Bb2 a5 6. a4 Na6 7. Bxa6 Rxa6 8. O-O
b5 9. Ne5 b4 10. d3 Bc8 11. Nd2 Bb7 12. f5 exf5 13. Rxf5 Bc5 14. d4 Be7 15. Qe2
O-O 16. c4 bxc3 17. Bxc3 Bd6 18. Rd1 Qe7 19. Kh1 Rb8 20. Rdf1 Rf8 21. R1f2 Raa8
22. Qf3 Ne4 23. Nxe4 dxe4 24. Qd1 f6 25. Nc4 g6 26. Rxa5 Rab8 27. Qd2 Qe6 28.
Nxd6 cxd6 29. d5 Qe7 30. Qd4 Kg7 31. Ra7 Rf7 32. a5 Qf8 33. Qb6 Qc8 34. Rc2
Bxd5 35. Bxf6+ Kg8 36. Rxc8+ Rxc8 37. Bb2 Rf1# 0-1

[Event " B7 Gruppe 1 "]
[Site "Koge"]
[Date "2004.??.??"]
[Round "1"]
[White "Haagen Larsen, Hans"]
[Black "Mott, Jens"]
[Result "1-0"]
[WhiteElo "1601"]
[BlackElo "1861"]
[PlyCount "115"]
[EventDate "2004.04.08"]
[EventType "swiss"]
[EventRounds "7"]
[EventCountry "DEN"]

1. d4 Nf6 2. Bf4 d6 3. Nf3 Bf5 4. h3 Nd5 5. Bh2 Nb4 6. Na3 c6 7. c3 Nd5 8. Nd2
Nf6 9. f3 d5 10. g4 Bg6 11. Bg2 e6 12. Qb3 Qb6 13. h4 h5 14. g5 Ng8 15. e4 Qxb3
16. axb3 f5 17. exd5 exd5 18. O-O Nd7 19. Rfe1+ Kf7 20. Re2 Re8 21. Rae1 Rxe2
22. Rxe2 Ne7 23. Bc7 Nc8 24. c4 a6 25. c5 Be7 26. b4 Re8 27. Kf2 b6 28. Nb3 a5
29. bxa5 bxc5 30. dxc5 Nxc5 31. Nd4 Nd3+ 32. Kf1 Nb4 33. f4 Na6 34. Bb6 Bxa3
35. bxa3 Rxe2 36. Kxe2 Ke7 37. Nxc6+ Kd6 38. Nd4 Ne7 39. Bh3 Nc5 40. Ke3 Be8
41. Nxf5+ Nxf5+ 42. Bxf5 g6 43. Bc2 Nd7 44. Kd4 Nb8 45. f5 Nc6+ 46. Ke3 Ne5 47.
Kf4 gxf5 48. Bxf5 Nc4 49. g6 Kc6 50. g7 Bf7 51. Bd8 d4 52. a6 Nd6 53. Bg6 Bg8
54. Bxh5 Nc8 55. Bg4 Na7 56. a4 d3 57. Ke3 Bc4 58. Kd4 1-0

[Event " B7 Gruppe 1 "]
[Site "Koge"]
[Date "2004.??.??"]
[Round "1"]
[White "Simonsen, Per"]
[Black "Korsholm, Asbjorn"]
[Result "0-1"]
[WhiteElo "1734"]
[BlackElo "1556"]
[PlyCount "124"]
[EventDate "2004.04.08"]
[EventType "swiss"]
[EventRounds "7"]
[EventCountry "DEN"]

1. d4 Nf6 2. c4 c5 3. d5 b5 4. cxb5 a6 5. bxa6 Bxa6 6. Nc3 d6 7. Nf3 g6 8. g3
Nbd7 9. Bh3 Bg7 10. O-O Nb6 11. Re1 O-O 12. e4 Nfd7 13. Qc2 Nc4 14. b3 Qa5 15.
bxc4 Qxc3 16. Qxc3 Bxc3 17. Bxd7 Bxa1 18. Bg5 Bf6 19. Bxf6 exf6 20. Rc1 Ra7 21.
Bc6 Bb7 22. Bxb7 Rxb7 23. Rc2 Ra8 24. Kf1 Rb1+ 25. Ke2 Ra1 26. Nd2 R8xa2 27.
Rxa2 Rxa2 28. h4 Kg7 29. Kd3 h5 30. Ke3 Ra3+ 31. Ke2 Rc3 32. Kd1 Kf8 33. Ke2
Ke7 34. Kd1 g5 35. Ke2 Kd7 36. f3 Kc7 37. Kf2 Kb6 38. Ke2 Rc1 39. f4 g4 40. Kf2
Rc2 41. Ke2 Rc3 42. Kf2 Rd3 43. Nf1 Rf3+ 44. Ke2 Kc7 45. Ke1 Rc3 46. Kd2 Rxc4
47. Kd3 Rd4+ 48. Ke3 Ra4 49. Nd2 Ra3+ 50. Kf2 Rd3 51. Nf1 c4 52. Ke2 Kb6 53.
Ne3 Kc5 54. Nf5 Rf3 55. Ng7 Rxg3 56. Nxh5 Rg2+ 57. Kd1 Rh2 58. Nxf6 g3 59. Ke1
Rxh4 60. e5 Rxf4 61. e6 fxe6 62. Nd7+ Kxd5 0-1

[Event " B7 Gruppe 1 "]
[Site "Koge"]
[Date "2004.??.??"]
[Round "1"]
[White "Sandbech, Ted"]
[Black "Asmund, Erik"]
[Result "1-0"]
[WhiteElo "1620"]
[BlackElo "1563"]
[PlyCount "119"]
[EventDate "2004.04.08"]
[EventType "swiss"]
[EventRounds "7"]
[EventCountry "DEN"]

1. Nf3 b6 2. e4 Bb7 3. Nc3 e6 4. d3 Be7 5. Be2 d6 6. O-O Nd7 7. d4 e5 8. dxe5
Nxe5 9. Nxe5 dxe5 10. Be3 a6 11. a3 Nf6 12. Bf3 O-O 13. Qe2 c5 14. Rfd1 Qc7 15.
Nd5 Bxd5 16. exd5 e4 17. Bg4 Bd6 18. g3 Nxg4 19. Qxg4 f5 20. Qe2 Rf6 21. f4
exf3 22. Qxf3 Raf8 23. Kh1 Qf7 24. Bf4 Bxf4 25. Qxf4 Rd8 26. c4 Rdd6 27. Re1
Qh5 28. Re3 Qg4 29. Re8+ Kf7 30. Qxg4 fxg4 31. Rae1 Rd7 32. R8e6 Rd6 33. Re7+
Kg6 34. Kg2 Rf3 35. R7e6+ Rf6 36. Rxd6 Rxd6 37. Re7 Kf6 38. Rc7 a5 39. Kf2 h5
40. a4 g6 41. Ke3 Ke5 42. Re7+ Kf5 43. Re8 Rf6 44. Rc8 Rd6 45. Rc6 Rxc6 46.
dxc6 Ke6 47. Kf4 Kd6 48. Kg5 Kxc6 49. Kxg6 Kd6 50. Kxh5 Ke5 51. Kxg4 Kd4 52. h4
Kxc4 53. h5 Kb3 54. h6 Kxb2 55. h7 Ka3 56. h8=Q Kxa4 57. Qc3 Kb5 58. Qb3+ Kc6
59. Qa4+ Kb7 60. Qb5 1-0

[Event " B7 Gruppe 1 "]
[Site "Koge"]
[Date "2004.??.??"]
[Round "1"]
[White "Kaarsberg, Allan"]
[Black "Hansen, Per"]
[Result "1-0"]
[WhiteElo "1739"]
[BlackElo "1895"]
[PlyCount "53"]
[EventDate "2004.04.08"]
[EventType "swiss"]
[EventRounds "7"]
[EventCountry "DEN"]

1. Nf3 Nf6 2. d4 d5 3. c4 c6 4. Nc3 g6 5. Bf4 Bg7 6. e3 O-O 7. h3 Nbd7 8. c5
Nh5 9. Bh2 Re8 10. Be2 b6 11. b4 Nhf6 12. O-O a5 13. b5 Ne4 14. Nxe4 dxe4 15.
bxc6 Nf6 16. Ne5 Nd5 17. Qb3 e6 18. Bb5 Rf8 19. Nc4 bxc5 20. Rad1 cxd4 21. exd4
Ba6 22. a4 Nc7 23. Rfe1 Rb8 24. Nd6 Qe7 25. Qc4 Ra8 26. Nxe4 Rfd8 27. Bxc7 1-0

[Event " B7 Gruppe 1 "]
[Site "Koge"]
[Date "2004.??.??"]
[Round "1"]
[White "Jessen, Ernst J"]
[Black "Sonderby, Anders"]
[Result "0-1"]
[WhiteElo "1566"]
[BlackElo "1758"]
[PlyCount "86"]
[EventDate "2004.04.08"]
[EventType "swiss"]
[EventRounds "7"]
[EventCountry "DEN"]

1. e4 d5 2. exd5 Qxd5 3. Nc3 Qa5 4. d4 Nf6 5. Bd2 c6 6. Be2 Bf5 7. Ne4 Qd8 8.
Nxf6+ exf6 9. Bc3 Be6 10. Nf3 Be7 11. Qd2 Nd7 12. Bb4 c5 13. dxc5 Bxc5 14. Bxc5
Nxc5 15. Qxd8+ Rxd8 16. O-O Ke7 17. Rad1 a6 18. b3 Ne4 19. Rd3 Rxd3 20. Bxd3
Nc3 21. a4 Rd8 22. Re1 Rd6 23. Kf1 h6 24. Nd2 Kd7 25. Ne4 Nxe4 26. Rxe4 Bxb3
27. Rb4 Bd5 28. f3 Kc6 29. Ke2 Kc5 30. Rb2 Rb6 31. Rxb6 Kxb6 32. Ke3 Bc6 33.
Kd4 Bxa4 34. Kc3 Kc5 35. Be4 Bc6 36. Bd3 Bd5 37. Be2 b5 38. Kb2 Bc4 39. Bd1 f5
40. f4 Kd4 41. c3+ Ke3 42. Ka3 a5 43. g3 Kd2 0-1

[Event " B7 Gruppe 1 "]
[Site "Koge"]
[Date "2004.??.??"]
[Round "1"]
[White "Nielsen, Ib"]
[Black "Pedersen, Lars Wisler"]
[Result "0-1"]
[WhiteElo "1550"]
[BlackElo "1669"]
[PlyCount "136"]
[EventDate "2004.04.08"]
[EventType "swiss"]
[EventRounds "7"]
[EventCountry "DEN"]

1. e4 c5 2. Nc3 Nc6 3. Nf3 e6 4. d3 d5 5. exd5 exd5 6. Be2 Nf6 7. O-O Be7 8. d4
b6 9. Re1 O-O 10. h3 h6 11. Be3 Bf5 12. a3 Qd7 13. Ne5 Nxe5 14. dxe5 d4 15. Bb5
Qd8 16. exf6 Bxf6 17. Bc6 Rc8 18. Qf3 dxe3 19. Rxe3 Bxc3 20. Rxc3 Bxh3 21. gxh3
Qg5+ 22. Qg2 Rxc6 23. Qxg5 hxg5 24. Re1 f5 25. Re7 Rf7 26. Re5 Rd6 27. b4 cxb4
28. axb4 Rd4 29. Rb5 g4 30. Rg3 gxh3 31. Rxh3 Rc4 32. c3 f4 33. Rbh5 Kf8 34.
Rg5 f3 35. Rh8+ Ke7 36. Re5+ Kd6 37. Re3 Kc6 38. Rh3 Rcf4 39. Rh8 Rg4+ 40. Kf1
g5 41. Re5 Rd7 42. Rg8 Rc4 43. b5+ Kd6 44. Re3 Rh4 45. Rxg5 Rh1+ 46. Rg1 Rxg1+
47. Kxg1 Kc5 48. Re4 Kxb5 49. Kh2 Rg7 50. Rb4+ Kc5 51. Rb2 Kc4 52. Ra2 Kxc3 53.
Ra3+ Kc2 54. Rxf3 b5 55. Rf4 a5 56. Rf5 b4 57. Rxa5 b3 58. f4 b2 59. Rc5+ Kb1
60. f5 Rb7 61. f6 Ka2 62. Ra5+ Kb3 63. f7 Rxf7 64. Rb5+ Ka2 65. Ra5+ Kb1 66.
Rb5 Rf2+ 67. Kg3 Rc2 68. Kf3 Kc1 0-1

[Event " B7 Gruppe 1 "]
[Site "Koge"]
[Date "2004.??.??"]
[Round "2"]
[White "Risager, Jakob Koba"]
[Black "Bojsen, Bent"]
[Result "1-0"]
[WhiteElo "1698"]
[BlackElo "1644"]
[PlyCount "85"]
[EventDate "2004.04.08"]
[EventType "swiss"]
[EventRounds "7"]
[EventCountry "DEN"]

1. e4 c5 2. Nf3 d6 3. d4 cxd4 4. Nxd4 Nf6 5. Nc3 a6 6. f3 Qc7 7. Be3 e6 8. Qd2
Be7 9. O-O-O O-O 10. h4 b5 11. g4 Rd8 12. h5 Nc6 13. g5 Ne8 14. g6 Bf6 15.
gxf7+ Kxf7 16. f4 Nxd4 17. Bxd4 Bb7 18. Bg2 Rac8 19. f5 e5 20. Be3 Kf8 21. h6
b4 22. Nd5 Bxd5 23. exd5 Qc4 24. Kb1 a5 25. hxg7+ Kg8 26. Bf1 Qc7 27. Qh2 Bxg7
28. Qxh7+ Kf8 29. Bd3 Nf6 30. Qg6 Qf7 31. Qg3 Ke7 32. Bg5 Rh8 33. Qf2 Rc7 34.
Qb6 Rd7 35. Bb5 Rxh1 36. Rxh1 Qxd5 37. Bc6 Qc5 38. Qxc5 dxc5 39. Bxf6+ Bxf6 40.
Rh7+ Kd6 41. Bxd7 Be7 42. Rxe7 Kxe7 43. Be6 1-0

[Event " B7 Gruppe 1 "]
[Site "Koge"]
[Date "2004.??.??"]
[Round "2"]
[White "Pedersen, Lars Wisler"]
[Black "Sandbech, Ted"]
[Result "1/2-1/2"]
[WhiteElo "1669"]
[BlackElo "1620"]
[PlyCount "110"]
[EventDate "2004.04.08"]
[EventType "swiss"]
[EventRounds "7"]
[EventCountry "DEN"]

1. e4 d5 2. exd5 Qxd5 3. Nc3 Qa5 4. d4 c6 5. Nf3 Bg4 6. Be2 e6 7. Ne5 Bxe2 8.
Qxe2 Nf6 9. O-O Be7 10. f4 Nbd7 11. f5 Nxe5 12. dxe5 Nd5 13. Nxd5 cxd5 14. fxe6
Qb6+ 15. Be3 Qxe6 16. Qb5+ Qc6 17. Qxc6+ bxc6 18. c4 O-O 19. cxd5 cxd5 20. Rfd1
Rfd8 21. Rac1 Rab8 22. Rc7 Bf8 23. b3 a5 24. Rf1 d4 25. Bd2 Re8 26. Rfxf7 Rxe5
27. Rfd7 Ra8 28. Bf4 Re1+ 29. Kf2 Rae8 30. Rd8 Rxd8 31. Kxe1 h6 32. h3 Kh7 33.
Bd2 Rd5 34. Ra7 Bb4 35. Bxb4 axb4 36. Rb7 Ra5 37. Rxb4 Rxa2 38. g4 Rh2 39. Rxd4
Rxh3 40. b4 Rb3 41. Kd2 Rf3 42. b5 Kg6 43. Rb4 h5 44. b6 Rf8 45. b7 Rb8 46.
gxh5+ Kxh5 47. Ke3 g5 48. Kd4 g4 49. Kd5 g3 50. Kc6 g2 51. Rb1 Kh4 52. Ra1 Kh3
53. Ra8 Rxa8 54. bxa8=Q g1=Q 55. Qc8+ Qg4 1/2-1/2

[Event " B7 Gruppe 1 "]
[Site "Koge"]
[Date "2004.??.??"]
[Round "2"]
[White "Asmund, Erik"]
[Black "Nielsen, Ib"]
[Result "1-0"]
[WhiteElo "1563"]
[BlackElo "1550"]
[PlyCount "101"]
[EventDate "2004.04.08"]
[EventType "swiss"]
[EventRounds "7"]
[EventCountry "DEN"]

1. e4 e5 2. Nf3 d6 3. Nc3 Be7 4. d3 c6 5. Be2 Nf6 6. h3 O-O 7. O-O Nbd7 8. d4
exd4 9. Nxd4 Ne5 10. Nf3 Ng6 11. Bd3 Be6 12. Ne2 Qd7 13. Ng5 Ne5 14. Nxe6 fxe6
15. Ng3 Rad8 16. Qe2 Nxd3 17. cxd3 e5 18. Nf5 g6 19. Nxe7+ Qxe7 20. Bg5 Qe6 21.
Qe3 Rd7 22. Bh6 Rff7 23. Qxa7 d5 24. f4 dxe4 25. dxe4 b5 26. Qb8+ Qe8 27. Qxe8+
Nxe8 28. fxe5 Nc7 29. Rxf7 Kxf7 30. Rf1+ Ke6 31. Rf6+ Kxe5 32. Rxc6 Kxe4 33.
Rc2 Ne6 34. Re2+ Kf5 35. g4+ Kf6 36. Rf2+ Ke7 37. Re2 Kf7 38. Be3 g5 39. Rf2+
Kg6 40. Rf5 Rd3 41. Kf2 h5 42. Rxb5 hxg4 43. hxg4 Kf6 44. a4 Rd6 45. a5 Rc6 46.
Kf3 Rc4 47. Rb6 Ke5 48. b4 Rc3 49. Rb5+ Kd6 50. Ke4 Rc4+ 51. Kf5 1-0

[Event " B7 Gruppe 1 "]
[Site "Koge"]
[Date "2004.??.??"]
[Round "2"]
[White "Korsholm, Asbjorn"]
[Black "Haagen Larsen, Hans"]
[Result "0-1"]
[WhiteElo "1556"]
[BlackElo "1601"]
[PlyCount "94"]
[EventDate "2004.04.08"]
[EventType "swiss"]
[EventRounds "7"]
[EventCountry "DEN"]

1. e4 e6 2. d4 d5 3. Nd2 dxe4 4. Nxe4 Nd7 5. Bd3 Ngf6 6. Nf3 Nxe4 7. Bxe4 Nf6
8. Bd3 c5 9. dxc5 Bxc5 10. Bg5 O-O 11. Qe2 h6 12. Bh4 Be7 13. O-O-O Qa5 14. Kb1
Qb4 15. c3 Qb6 16. Ne5 Nd5 17. Nc4 Qb5 18. Na3 Nxc3+ 19. Ka1 Nxe2 20. Bxb5 Bxh4
21. g3 Nxg3 22. hxg3 Bf6 23. f4 e5 24. Rdg1 Bg4 25. fxe5 Bxe5 26. Rh4 h5 27.
Bd3 Rad8 28. Bc2 a6 29. Rgh1 g6 30. Rg1 b5 31. Rh2 Rd4 32. Bb1 Rfd8 33. Nc2 Rd2
34. Rgg2 Rxg2 35. Rxg2 Bf5 36. a3 Rd1 37. Ka2 a5 38. Re2 Bxg3 39. Re8+ Kg7 40.
Ra8 a4 41. Re8 Rd2 42. Ne3 Bxb1+ 43. Kxb1 h4 44. Kc1 Rd7 45. Re4 f5 46. Rb4 f4
47. Ng2 f3 0-1

[Event " B7 Gruppe 1 "]
[Site "Koge"]
[Date "2004.??.??"]
[Round "2"]
[White "Larsen, Peder Lehmann"]
[Black "Kaarsberg, Allan"]
[Result "1-0"]
[WhiteElo "1880"]
[BlackElo "1739"]
[PlyCount "51"]
[EventDate "2004.04.08"]
[EventType "swiss"]
[EventRounds "7"]
[EventCountry "DEN"]

1. d4 Nf6 2. Nf3 d5 3. e3 Bf5 4. c4 c6 5. Qb3 Qc7 6. Bd2 a5 7. Nc3 e6 8. Rc1
Nbd7 9. cxd5 exd5 10. Nxd5 Nxd5 11. Qxd5 Be6 12. Qe4 Nf6 13. Qc2 Qb6 14. Bc4
Nd5 15. a3 Bd6 16. O-O h6 17. e4 Nc7 18. Bxe6 Nxe6 19. d5 cxd5 20. exd5 Ng5 21.
Rfe1+ Kf8 22. Qc8+ Qd8 23. Qxd8+ Rxd8 24. Bxa5 Nxf3+ 25. gxf3 Ra8 26. Bc7 1-0

[Event " B7 Gruppe 1 "]
[Site "Koge"]
[Date "2004.??.??"]
[Round "2"]
[White "Sonderby, Anders"]
[Black "Wiecker, Stefan"]
[Result "1-0"]
[WhiteElo "1758"]
[BlackElo "1560"]
[PlyCount "67"]
[EventDate "2004.04.08"]
[EventType "swiss"]
[EventRounds "7"]
[EventCountry "DEN"]

1. d4 Nf6 2. Nf3 e6 3. c4 b6 4. g3 Bb7 5. Bg2 Be7 6. O-O O-O 7. Bg5 Ne4 8. Bxe7
Qxe7 9. Qc2 d5 10. Nc3 Nxc3 11. Qxc3 c6 12. Rfc1 Nd7 13. cxd5 exd5 14. e3 Rac8
15. b4 Rfd8 16. Bf1 Nf6 17. Rab1 Ne4 18. Qe1 f6 19. Bd3 Rc7 20. Rb2 c5 21. bxc5
bxc5 22. dxc5 Nxc5 23. Qa5 Rdc8 24. Bf5 Ne4 25. Rxc7 Rxc7 26. Qxa7 d4 27. Rxb7
Rxb7 28. Be6+ Qxe6 29. Qa8+ Kf7 30. Qxb7+ Kg6 31. Nxd4 Qe5 32. Qb5 Nc5 33. Qb1+
Kf7 34. a4 1-0

[Event " B7 Gruppe 1 "]
[Site "Koge"]
[Date "2004.??.??"]
[Round "2"]
[White "Petersen, Nils"]
[Black "Pedersen, Jan 1"]
[Result "1-0"]
[WhiteElo "1864"]
[BlackElo "1701"]
[PlyCount "79"]
[EventDate "2004.04.08"]
[EventType "swiss"]
[EventRounds "7"]
[EventCountry "DEN"]

1. c4 Nf6 2. g3 c6 3. Bg2 d5 4. cxd5 cxd5 5. Nf3 Nc6 6. O-O e5 7. d3 Be7 8. b3
O-O 9. Bb2 d4 10. Nbd2 Nd5 11. Nc4 Bf6 12. Nfd2 g6 13. Ne4 Bg7 14. Ned6 Nce7
15. Ba3 Qd7 16. Qd2 Nc3 17. e4 b5 18. Na5 Ba6 19. f4 Rab8 20. Bb4 Rb6 21. a3
Rxd6 22. Bxd6 Qxd6 23. fxe5 Bxe5 24. b4 Qe6 25. Qb2 Qg4 26. Rae1 Bc8 27. Nb3 h5
28. Bf3 Qg5 29. Qd2 Qxd2 30. Nxd2 Kg7 31. Kg2 h4 32. Bd1 hxg3 33. hxg3 Rh8 34.
Rh1 Rxh1 35. Rxh1 f5 36. Nf3 Nc6 37. Bb3 fxe4 38. dxe4 d3 39. Bd5 Bb7 40. Rc1
1-0

[Event " B7 Gruppe 1 "]
[Site "Koge"]
[Date "2004.??.??"]
[Round "2"]
[White "Sig, Preben"]
[Black "Moller, Arne Vagn"]
[Result "1-0"]
[WhiteElo "1753"]
[BlackElo "1698"]
[PlyCount "121"]
[EventDate "2004.04.08"]
[EventType "swiss"]
[EventRounds "7"]
[EventCountry "DEN"]

1. e4 c5 2. Nf3 d6 3. d4 cxd4 4. Nxd4 Nf6 5. Nc3 a6 6. Be3 e5 7. Nb3 Be6 8. Qd2
Be7 9. Be2 O-O 10. O-O Qc7 11. f4 Rd8 12. f5 Bc4 13. Bxc4 Qxc4 14. Bg5 Nbd7 15.
Rad1 Rac8 16. Qe1 b5 17. a3 d5 18. exd5 Nxd5 19. Bxe7 Nxe7 20. Rf2 Qg4 21. Rfd2
Qxf5 22. Qe4 Qe6 23. Rd6 Qc4 24. Rxd7 Rxd7 25. Rxd7 Qe6 26. Qb7 Re8 27. Nc5 Qf6
28. Nd5 Nxd5 29. Qxd5 h5 30. Qf3 Qg6 31. Qe4 Qg5 32. Nb3 h4 33. Rd3 f5 34. Qd5+
Kh7 35. Qd7 Re7 36. Qd5 e4 37. Rd1 h3 38. Qd2 f4 39. Rf1 Rd7 40. Qe2 Re7 41.
Qf2 e3 42. Qf3 hxg2 43. Qxg2 Qh4 44. Nc1 Re6 45. Qf3 Rg6+ 46. Kh1 Rf6 47. Nd3
g5 48. Ne5 Rh6 49. Qb7+ Kg8 50. Qf7+ Kh8 51. Ng6+ Rxg6 52. Qxg6 Qg4 53. Qe4 Qh5
54. Qg2 e2 55. Re1 f3 56. Qg3 g4 57. b4 Qf5 58. Kg1 Qe4 59. c3 Qe3+ 60. Qf2 Qe4
61. Qd4+ 1-0

[Event " B7 Gruppe 1 "]
[Site "Koge"]
[Date "2004.??.??"]
[Round "2"]
[White "Rosenberg, Jan"]
[Black "Jessen, Ernst J"]
[Result "1/2-1/2"]
[WhiteElo "1792"]
[BlackElo "1566"]
[PlyCount "164"]
[EventDate "2004.04.08"]
[EventType "swiss"]
[EventRounds "7"]
[EventCountry "DEN"]

1. d4 e6 2. Nf3 d5 3. Bf4 Nf6 4. e3 Bd6 5. Bd3 Bxf4 6. exf4 Qd6 7. Qd2 c5 8.
dxc5 Qxc5 9. Nc3 Bd7 10. O-O O-O 11. Rfe1 a6 12. h3 Nc6 13. Ne5 Rad8 14. a3 b5
15. b4 Qa7 16. g4 Nxe5 17. fxe5 Ne8 18. Ne2 g6 19. c3 f6 20. Nd4 fxe5 21. Rxe5
Ng7 22. Qg5 Qc7 23. Rc1 Bc8 24. Rc2 Qf7 25. Rce2 Rde8 26. Nb3 Qf3 27. R5e3 Qf6
28. Qxf6 Rxf6 29. Nc5 Rf7 30. Bc2 Ra7 31. Bb3 Kf7 32. Rf3+ Kg8 33. Rfe3 Kf7 34.
Rf3+ Kg8 35. Nd3 Rae7 36. Rfe3 Rc7 37. Nc5 Kf7 38. a4 Ree7 39. axb5 axb5 40.
Ra2 Ra7 41. Ree2 Rec7 42. Rxa7 Rxa7 43. Ra2 Rxa2 44. Bxa2 Ne8 45. g5 Nd6 46.
Bb1 Ke7 47. h4 Bd7 48. Bd3 Be8 49. f4 Bc6 50. Kf2 Nf7 51. h5 Nh8 52. Nb3 Kd6
53. Nd4 Be8 54. Bxb5 Bxb5 55. Nxb5+ Kd7 56. h6 Nf7 57. Ke3 Nd8 58. Kd4 Kc6 59.
Na3 Nb7 60. Nc2 Kb5 61. Ke3 Kc4 62. Nd4 Nd8 63. b5 Kc5 64. f5 exf5 65. Kf4 Kd6
66. b6 Nb7 67. Nxf5+ Ke6 68. Nd4+ Kd6 69. Nf3 Nc5 70. b7 Ne6+ 71. Ke3 Kc7 72.
b8=Q+ Kxb8 73. Ne5 Nxg5 74. Kd4 Kc7 75. Kxd5 Kc8 76. c4 Kc7 77. c5 Kc8 78. c6
Kc7 79. Nd7 Nf7 80. Nf6 Nxh6 81. Nxh7 Nf7 82. Nf8 Nd8 1/2-1/2

[Event " B7 Gruppe 1 "]
[Site "Koge"]
[Date "2004.??.??"]
[Round "2"]
[White "Andersen, Martin Steen"]
[Black "Hansen, Per"]
[Result "1/2-1/2"]
[WhiteElo "1606"]
[BlackElo "1895"]
[PlyCount "100"]
[EventDate "2004.04.08"]
[EventType "swiss"]
[EventRounds "7"]
[EventCountry "DEN"]

1. e4 c5 2. Nf3 Nc6 3. d4 cxd4 4. c3 Nf6 5. e5 Nd5 6. Bc4 e6 7. Bxd5 exd5 8.
cxd4 d6 9. h3 dxe5 10. Nxe5 Bd6 11. Nxc6 bxc6 12. Nc3 O-O 13. O-O Be6 14. Qf3
Rb8 15. b3 Qh4 16. Ne2 Be7 17. Rd1 Rfe8 18. Bf4 Rb7 19. Rac1 Bd7 20. Rc2 Qf6
21. Qd3 Qg6 22. Qxg6 hxg6 23. g4 a5 24. Nc3 Bf6 25. Na4 Be7 26. Nc5 Bxc5 27.
Rxc5 a4 28. Rc3 Re4 29. Be3 Rb4 30. Rdd3 f5 31. f3 Re8 32. Kf2 Ra8 33. Rd2 Kf7
34. Bf4 axb3 35. Rxb3 Rba4 36. Rbb2 Bc8 37. Bd6 Ba6 38. Bc5 Rh8 39. Kg2 Re8 40.
Kf2 Bb5 41. a3 Re6 42. Rd1 Rc4 43. Bb4 Ba4 44. Rdd2 Rc1 45. Re2 Bb5 46. Rxe6
Kxe6 47. Kg2 Bf1+ 48. Kg3 Bb5 49. Rf2 Rd1 50. Bc5 Rg1+ 1/2-1/2

[Event " B7 Gruppe 1 "]
[Site "Koge"]
[Date "2004.??.??"]
[Round "3"]
[White "Mott, Jens"]
[Black "Rosenberg, Jan"]
[Result "0-1"]
[WhiteElo "1861"]
[BlackElo "1792"]
[PlyCount "131"]
[EventDate "2004.04.08"]
[EventType "swiss"]
[EventRounds "7"]
[EventCountry "DEN"]

1. e4 d5 2. exd5 Nf6 3. Bb5+ Bd7 4. Bc4 Bg4 5. f3 Bf5 6. Ne2 Nxd5 7. d4 e6 8.
O-O c6 9. c3 Bd6 10. Qe1 Nb6 11. Bb3 Qc7 12. Qh4 N8d7 13. Ng3 Bg6 14. Ne4 Be7
15. Qg3 Qxg3 16. Nxg3 Nf6 17. Be3 O-O-O 18. a4 Nbd5 19. Bd2 Bd6 20. Na3 Nf4 21.
Nc4 Bc7 22. Rfd1 N4d5 23. a5 h5 24. Ne5 Bxe5 25. dxe5 Nd7 26. c4 Nc7 27. Be3 h4
28. Nf1 Nxe5 29. Bxa7 Bd3 30. Ne3 Be2 31. Rdc1 Rd2 32. Rc2 Rxc2 33. Bxc2 Nxc4
34. Re1 Nxe3 35. Rxe2 Nxc2 36. Rxc2 Rh5 37. Bf2 Rxa5 38. Bxh4 Nd5 39. Kf2 Kd7
40. Rd2 Rb5 41. Ke2 e5 42. Be1 Ke6 43. g3 Rb3 44. Kf2 b6 45. Rc2 c5 46. Bc3 b5
47. h4 f5 48. Bd2 c4 49. h5 e4 50. Bc3 Nxc3 51. bxc3 exf3 52. Kxf3 b4 53. Kf4
Rxc3 54. Re2+ Kd5 55. Re5+ Kd4 56. Rxf5 Rc1 57. Kg5 b3 58. Rf4+ Kc3 59. Rf3+
Kb2 60. Kg6 c3 61. Kxg7 c2 62. h6 Rh1 63. Rf2 Kb1 64. h7 c1=Q 65. Rf4 Qc7+ 66.
Rf7 0-1